00341nam a2200133Ia 4500008004100000020001800041041001200059100001800071245004100089250000800130260004600138300000800184650001500192221030s9999 xx 000 0 und d a9789388267885 aEnglish aM. A. Qureshi 0aMuslim Law 6th Ed.cby M. A. Qureshi a6th bCentral Law PublicationsaAllahabadc2020 a700 aMuslim Law